000 00846 a2200205 4500
020 _c395.00
035 _aB-83275
037 _bRP-ZLS-2071 / PANSY-04-05:12 / RP-04-05:ENG
082 1 4 _a000
090 _c2168
_d2168
100 1 _aAggarwal, R.S.
245 1 _aA modern approach to verbal and non verbal reasoning
_cby R.S.Aggarwal
_bfull solved & thoroughly revised with explanatory notes on logical deduction
260 _aNew Delhi
_bS. Chand
_c2005r
270 _a7631, Ram Nagar,
_bNew Delhi
_cDelhi
_e110055
_k23672080
_l23677446
300 _a560, 158, 431 p
_c24.5 cm (pbk)
500 _athis is reprent in 2005
942 _adpl
_cEN
_k000 / AGG
999 _c2128
_d2128